000 01075cas a2200241 a 4500
005 20171009085827.0
008 820608c19829999dcuqr1p 0 a0eng d
022 0 _a0744-8163
040 _aVXG
_cVXG
_dNSD
_dNST
_dNSD
_dNST
_dHUL
_dDLC
_dNST
_dNSD
_dNST
_dCAS
_dAGL
_dWAU
_dNSD
_dNST
_dIUL
_dHUL
_dNST
_dNLM
_dAGL
_dCO-BoIAVH
041 _aeng
044 _axxu
245 0 0 _aDiversity.
246 1 3 _aDiversity :
_bA news journal for the International Genetic Resources Community
260 _aFort Collins, Colo. (EE.UU) :
_bLaboratory for Information Science in Agriculture,
_c1982-.
300 _bilustraciones ;
_c28 cm.
310 _aq
610 2 0 _aNational Plant Germplasm System (U.S.)
_vPublicaciones periódicas
_985865
650 2 6 _aGermoplasma
_xPlantas
_vPublicaciones periódicas
650 2 4 _aCélulas y tejidos vegetales
_xColección y conservación
_vPublicaciones periódicas
710 2 _aLaboratory for Information Science in Agriculture (Fort Collins, Colo.)
710 2 _aGenetic Resources Communications Systems.
942 _2z
_cREVISTA
999 _c16854
_d16854